000 01328cam a22003857a 4500
003 CHAP
005 20220329133325.0
008 971013s1987 mx a r 00010 spa d
010 _a4916
011 _a5888
035 _a5104
040 _cCHAP
082 0 4 _a027.009
_bV38
100 0 0 _aVázquez Mantecón, Carmen.
_9120423
245 1 4 _aLas bibliotecas mexicanas en el siglo XIX
260 _aMéxico, D.F. :
_bDirección General de Bibliotecas,
_c1987
300 _a254 p.
_b: ilus
490 0 _aHistoria de las bibliotecas en México
_v; 2
500 _a55-47
590 _aBATCH-UPD
_b10
_c20130109
_lUCH01
_h2316
590 _aBATCH-UPD
_b10
_c20130110
_lUCH01
_h2117
590 _aBATCH-UPD
_b10
_c20130409
_lUCH01
_h1837
590 _aBATCH-UPD
_b10
_c20130410
_lUCH01
_h1427
590 _aBATCH-UPD
_b10
_c20130914
_lUCH01
_h0622
590 _aBATCH-UPD
_b10
_c20130914
_lUCH01
_h2121
590 _aCONVERSION
_b10
_c20130109
_lUCH01
_h1304
650 1 4 _aBibliotecas
_xHistoria.
_912514
700 0 _aFlamenco Ramírez, Alfonso.
_941219
700 0 _aHerrero Bervera, Carlos.
_954980
710 0 _aPrograma Nacional de Bibliotecas Públicas. México.
_992333
830 0 _aHistoria de las bibliotecas en México
_v; 2
_955617
901 _aBK
942 _cLIBRO
949 _a027.009 V38
_bBC
_cB
_d-14671
_eB
_h80249
_i5104
_mD
_si
999 _c4916
_d4916